<?xml version="1.0" encoding="UTF-8"?>
<record
    xmlns:xsi="http://www.w3.org/2001/XMLSchema-instance"
    xsi:schemaLocation="http://www.loc.gov/MARC21/slim http://www.loc.gov/standards/marcxml/schema/MARC21slim.xsd"
    xmlns="http://www.loc.gov/MARC21/slim">

  <leader>01532nam a2200289 u 4500</leader>
  <controlfield tag="001">958441</controlfield>
  <controlfield tag="005">20260506155947.0</controlfield>
  <controlfield tag="008">051206s1977                        spa  </controlfield>
  <datafield tag="020" ind1=" " ind2=" ">
    <subfield code="a">848508103X</subfield>
  </datafield>
  <datafield tag="035" ind1=" " ind2=" ">
    <subfield code="a">958441</subfield>
  </datafield>
  <datafield tag="035" ind1=" " ind2=" ">
    <subfield code="a">(OCoLC)777915104</subfield>
  </datafield>
  <datafield tag="040" ind1=" " ind2=" ">
    <subfield code="c">comduadb</subfield>
  </datafield>
  <datafield tag="041" ind1=" " ind2=" ">
    <subfield code="a">spa</subfield>
  </datafield>
  <datafield tag="080" ind1=" " ind2=" ">
    <subfield code="a">JJ</subfield>
  </datafield>
  <datafield tag="100" ind1="1" ind2="0">
    <subfield code="a">Vadee, Michel</subfield>
    <subfield code="4">aut</subfield>
    <subfield code="e">aut</subfield>
    <subfield code="9">412702</subfield>
  </datafield>
  <datafield tag="245" ind1="1" ind2="0">
    <subfield code="a">Bachelard o el nuevo idealismo epistemol&#xF3;gico</subfield>
  </datafield>
  <datafield tag="260" ind1=" " ind2=" ">
    <subfield code="a">Barcelona :</subfield>
    <subfield code="b">Pre-Textos,</subfield>
    <subfield code="c">1977.</subfield>
  </datafield>
  <datafield tag="300" ind1=" " ind2=" ">
    <subfield code="a">282 p&#xE1;ginas</subfield>
  </datafield>
  <datafield tag="520" ind1="3" ind2=" ">
    <subfield code="a">El texto pretende dar una visi&#xF3;n de conjunto del contenido de la epistemolog&#xED;a de Bachelard, lo que exige el estudio de algunas tesis espec&#xED;ficas sobre la aproximaci&#xF3;n, la rectificaci&#xF3;n y el error, el orden y la cualidad, el papel inductivo de las matem&#xE1;ticas. En segundo t&#xE9;rmino, se muestra la existencia de una metaf&#xED;sica bachelardiana e insiste sobre su importancia. La tercera parte, conduce a estudiar la contradicci&#xF3;n principal de la filosof&#xED;a de bachelard, que reside en la oposici&#xF3;n entre la metaf&#xED;sica bachalardiana y sus an&#xE1;lisis de teor&#xED;as cient&#xED;ficas y de su historia. Finalmente, se determina lo que ha representado en su tiempo y en el nuestro,  desde el punto de vista ideol&#xF3;gico, la filosof&#xED;a de Bachelard</subfield>
  </datafield>
  <datafield tag="650" ind1=" " ind2="7">
    <subfield code="a">Filosof&#xED;a</subfield>
    <subfield code="2">lemb</subfield>
    <subfield code="9">234416</subfield>
  </datafield>
  <datafield tag="650" ind1=" " ind2="7">
    <subfield code="a">Idealismo</subfield>
    <subfield code="2">lemb</subfield>
    <subfield code="9">157</subfield>
  </datafield>
  <datafield tag="650" ind1=" " ind2="0">
    <subfield code="a">M&#xE9;todos de investigaci&#xF3;n</subfield>
    <subfield code="9">181740</subfield>
  </datafield>
  <datafield tag="650" ind1=" " ind2="7">
    <subfield code="a">Metaf&#xED;sica</subfield>
    <subfield code="2">lemb</subfield>
    <subfield code="9">2121</subfield>
  </datafield>
  <datafield tag="650" ind1=" " ind2="7">
    <subfield code="a">Racionalismo</subfield>
    <subfield code="2">lemb</subfield>
    <subfield code="9">1438</subfield>
  </datafield>
  <datafield tag="650" ind1=" " ind2="7">
    <subfield code="a">Teor&#xED;a del conocimiento</subfield>
    <subfield code="2">lemb</subfield>
    <subfield code="9">1790</subfield>
  </datafield>
  <datafield tag="942" ind1=" " ind2=" ">
    <subfield code="c">BOOK</subfield>
  </datafield>
  <datafield tag="999" ind1=" " ind2=" ">
    <subfield code="c">373083</subfield>
    <subfield code="d">373083</subfield>
  </datafield>
  <datafield tag="952" ind1=" " ind2=" ">
    <subfield code="0">0</subfield>
    <subfield code="1">0</subfield>
    <subfield code="4">0</subfield>
    <subfield code="7">0</subfield>
    <subfield code="8">GENERAL</subfield>
    <subfield code="a">CEDED</subfield>
    <subfield code="b">CEDED</subfield>
    <subfield code="d">2005-12-06</subfield>
    <subfield code="i">C891222</subfield>
    <subfield code="l">0</subfield>
    <subfield code="o">JJ/0109</subfield>
    <subfield code="p">0591786</subfield>
    <subfield code="r">2023-04-26 00:00:00</subfield>
    <subfield code="t">1</subfield>
    <subfield code="w">2023-04-26</subfield>
    <subfield code="y">BOOK</subfield>
  </datafield>
</record>
